Los convenios de la administracin̤: entre la gestin̤ pb︢lica y la actividad contractual

Detalles Bibliográficos
Autor principal: Chv̀ez Marn̕, Augusto Ramn̤
Formato: Libro
Lenguaje:español
Publicado: Colombia Editorial Universidad de Rosario (Colombia) 2015
Materias:
Acceso en línea:Acceso restringido

MARC

LEADER 00000nam a22000007a 4500
005 20151029122821.0
007 cr|||| ||u|
008 151029s2015 ck |||||||||| 00||0 spa d
020 |a 978-958-738-256-3 
035 |a 12907 
040 |a vLex 
090 |c 5631  |d 5631 
100 1 |a Chv̀ez Marn̕, Augusto Ramn̤ 
245 1 4 |a Los convenios de la administracin̤: entre la gestin̤ pb︢lica y la actividad contractual  |h [Recurso electrn̤ico] /  |c Augusto Ramn̤ Chv̀ez Marn̕  
256 |a Servicio en ln̕ea 
260 |a Colombia  |b Editorial Universidad de Rosario (Colombia)  |c 2015 
300 |a 1 recurso electrn̤ico (534 p. (Coleccin̤ Textos de Jurisprudencia))  
506 1 |a Contenido solo disponible en los productos indicados  |d vLex Global  |d vLex Global (Academic Edition, excluding Law Schools)  |d vLex Global (U.S. Academic Edition, Law Schools)  |d vLex Global (U.S. Academic Edition, excluding Law Schools)  |d vLex Global (Academic Edition, Law Schools) 
650 0 4 |a Administracin̤ pb︢lica   |z Colombia  
740 0 |a vLex libros (servicio en ln̕ea) 
856 4 0 |u http://vlex.com/source/convenios-de-la-administracion-entre-la-gestion-publica-y-la-actividad-contractual-12907  |z Acceso restringido 
942 |c BOOK 
999 0 |a Public administration